Ποδιές της συλλογής του Δημοκρίτειου Πανεπιστημίου Θράκης

Αποθηκεύτηκε σε:
Λεπτομέρειες βιβλιογραφικής εγγραφής
Κύριος συγγραφέας: Βαρβούνης, Εμμανουήλ Γερ., 1966-
Άλλοι συγγραφείς: Σιμόπουλος, Κωνσταντίνος (Συγγραφέας εισαγωγής κ.λπ.)
Μορφή: Βιβλίο
Γλώσσα:Greek
Δημοσίευση: Κομοτηνή : Δημοκρίτειο Πανεπιστήμιο Θράκης, 1999.
Θέματα:
Ετικέτες: Προσθήκη ετικέτας
Δεν υπάρχουν, Καταχωρήστε ετικέτα πρώτοι!

MARC

LEADER 00000cam a2200000 i 4500
001 1/58061
008 020207s1999 gr | ||| |||| ||gre||
035 |l 10000265 
040 |a GR-MyUA  |b gre  |e AACR2 
041 0 |a gre 
082 0 |a 391.440744957  
100 1 |a Βαρβούνης, Εμμανουήλ Γερ.,   |d 1966- 
245 1 0 |a Ποδιές της συλλογής του Δημοκρίτειου Πανεπιστημίου Θράκης /   |c πρόλογος Κωνστ. Σιμόπουλος ; κείμενα Μ. Γ. Βαρβούνης.  
260 |a Κομοτηνή :   |b Δημοκρίτειο Πανεπιστήμιο Θράκης,   |c 1999.  
300 |a 132 σ. :   |b εικ. ;   |c 24 εκ. 
504 |a Βιβλιογραφία: σ. 125-132.  
650 0 0 |a Aprons  |z Greece  |z Thrace. 
650 0 0 |a Costume  |z Greece  |z Thrace, Western. 
700 1 |a Σιμόπουλος, Κωνσταντίνος,  |e aui 
852 |a INST  |b SAMOS  |e 20020207  |h 391.440744957 ΒΑΡ  |p 005300020366  |q 005300020366  |t BK  |y 0 
901 |a BIBL3-2002-1 
970 |a ΚΟΣΙΕΡΗΣ  |b ΧΡΗΣΤΟΣ  |z 2002/02/07